Marvel Groups - Statistics

General Stats
  • This quiz has been taken 42 times
  • The average score is 14 of 51
Answer Stats
Group % Correct
Avengers
97%
X-Men
86%
Fantastic Four
79%
Guardians of the Galaxy
79%
Thunderbolts
62%
Defenders
59%
Hydra
59%
SHIELD
55%
Young Avengers
48%
Black Order
45%
Eternals
45%
X-Force
45%
Sinister Six
41%
Illuminati
38%
Midnight Sons
34%
New Mutants
34%
Nova Corps
31%
AIM
28%
Inhumans
28%
Skrulls
28%
Kree
24%
SWORD
24%
Brotherhood of Evil Mutants
21%
Dora Milaje
21%
Revengers
21%
The Hand
21%
Warriors Three
21%
Celestials
17%
Future Foundation
17%
Howling Commandos
17%
Masters of Evil
17%
Ravagers
17%
Runaways
17%
TVA
17%
Damage Control
14%
Dark Avengers
14%
Tracksuit Mafia
14%
Council of Kangs
10%
Flag Smashers
10%
Heroes for Hire
10%
Masters of the Mystic Arts
10%
Roxxon
10%
Ten Rings
10%
Jabari Tribe
7%
STRIKE
7%
Talokanil
7%
Wrecking Crew
7%
Children of Thanos
3%
Red Room Widows
3%
Sakaar's Gladiators
3%
Sovereign
3%
No matching quizzes found
Score Distribution
Percent of People with Each Score
Percentile by Number Answered
Your Score History
You have not taken this quiz